000
00323nam a2200145Ia 4500
100
_a
Krishnaswamy/K.N
942
_c
BK
366
_f
25
245
_a
Cases in operation Management
260
_b
Prentice -Hall of India
_c
2008
082
_a
658.403 4
_b
KRI
300
_a
391
546
_a
ENGLISH
_c
Info.Tech
999
_c
20161
_d
20161